Statistics for Country Categories - Sorting Quiz

Click here to take the quiz!

General Stats

  • This quiz has been taken 65 times
  • The average score is 33 of 45

Answer Stats

QuestionTileSelect% Correct
Countries in South AmericaArgentinaYes
100%
Countries in South AmericaBrazilYes
100%
Countries in South AmericaPeruYes
100%
Countries in South AmericaVenezuelaYes
98%
Countries in South AmericaUruguayYes
97%
Countries in South AmericaCubaNo
95%
Countries in South AmericaGrenadaNo
95%
Countries with 'English' as an official languageFranceNo
93%
Countries in South AmericaMexicoNo
92%
Countries with 'English' as an official languageUnited KingdomYes
92%
Countries with 100 million+ population of humansBrazilYes
89%
Countries with 100 million+ population of humansIndiaYes
89%
Countries in South AmericaGuyanaYes
87%
Countries with 'English' as an official languageJamaicaYes
87%
Countries with 'English' as an official languageDenmarkNo
85%
Countries with 'English' as an official languageUnited Arab EmiratesNo
85%
Countries with land below the 'Equator' lineMexicoNo
84%
Countries with land below the 'Equator' lineBrazilYes
82%
Countries with 100 million+ population of humansColombiaNo
82%
Countries with 100 million+ population of humansSouth AfricaNo
74%
Countries with 100 million+ population of humansUnited KingdomNo
74%
Countries with 100 million+ population of humansBangladeshYes
72%
Countries with a 'crescent' on their national flagBangladeshNo
70%
Countries with 'English' as an official languageSri LankaNo
69%
Countries with a 'crescent' on their national flagTunisiaYes
69%
Countries with a 'crescent' on their national flagTurkmenistanYes
69%
Countries with land below the 'Equator' lineEcuadorYes
66%
Countries with a 'crescent' on their national flagIndonesiaNo
66%
Countries with 100 million+ population of humansIranNo
62%
Countries with land below the 'Equator' lineKenyaYes
62%
Countries with land below the 'Equator' lineNigeriaNo
62%
Countries with a 'crescent' on their national flagSingaporeYes
62%
Countries with 'English' as an official languageSingaporeYes
62%
Countries with a 'crescent' on their national flagSaudi ArabiaNo
61%
Countries with 100 million+ population of humansThailandNo
61%
Countries with a 'crescent' on their national flagKazakhstanNo
57%
Countries with 'English' as an official languageBelizeYes
56%
Countries with 100 million+ population of humansEgyptYes
56%
Countries with a 'crescent' on their national flagMaldivesYes
54%
Countries with land below the 'Equator' lineSri LankaNo
54%
Countries with a 'crescent' on their national flagMauritaniaYes
52%
Countries with land below the 'Equator' lineSingaporeNo
49%
Countries with land below the 'Equator' lineVenezuelaNo
48%
Countries with land below the 'Equator' lineSomaliaYes
46%
Countries with 'English' as an official languagePakistanYes
21%

Score Distribution

Percentile by Number Answered

Percent of People with Each Score

Your Score History

You have not taken this quiz